00848cam a22002413u 450000100100000000500170001000800410002702000150006802000180008308200200010111000270012124500600014826000300020830000290023850000370026765000280030465000260033265300190035871000590037794200120043699900170044895201410046501169466420130422135049.0 |1993 ||| || o0|| ||eng  a9211613523 a9789211615227 222a339.32bUNI aUnited Nations.93313300aSystem of National Accounts 1993 / cby United Nations. aNew Yourk :bU.N.,c1993. a711 p. :bill. ;c28 cm. aTable in pocket at back of item. anational account933134 aMacroeconomics933135 bEcocApril20132 aStatistical Office of the European Communities.933136 2ddccBB c17442d17414 00102ddc40708MERICaMAINbMAINc1STd2013-04-22epurchaseg200.00h001339l0o339.32 UNIp000028699r2025-07-15 00:00:00v250.00yBB